000 00998cam a2200217 4500
001 ABS62185
008 000000n2000 000 0 eng u
035 _a(Sirsi) u105535
100 _aHiggins, J.
245 _aAdjudication made clearer by the courts
260 _c2000
490 _aBuilding Trade and Industry
_v16(4) April 2000, 7(1)
520 _aDiscusses two cases "VHE Construction v RBSTB Trust Company" and "Grovedeck v Capital Demolition" which help to clear up some of the confusion over the role of adjudication under the Housing Grants, Construction and Regeneration Act 1996.
590 _aABS
650 _aMANAGEMENT-DISPUTE AVOIDANCE, MANAGEMENT AND RESOLUTION-DISPUTE MANAGEMENT AND RESOLUTION-ALTERNATIVE DISPUTE RESOLUTION-ADJUDICATION
650 _aHOUSING GRANTS CONSTRUCTION AND REGENERATION ACT 1996
650 _aVHE CONSTRUCTION V RBSTB TRUST COMPANY
650 _aGROVEDECK LTD V CAPITAL DEMOLITION LTD
690 _aDispute resolution
_96236
942 _n0
999 _c63234
_d63234